01570nam a2200397 i 450000100060000000300080000600500170001400600190003100700150005000800410006502000360010602000180014203500220016004000310018205000210021308000060023408200120024010000330025224501460028526400300043130000410046133600310050233700330053333800430056649000550060950400420066458800680070659001620077465000230093665000200095965500250097979700180100483000560102285600770107899900170115563415FlNmELB20241217142334.0m o d | cr cnu||||||||190320s2014 sp ob 000 0 spa d a9781512959307q(electronic bk.) z9788431329846 a(OCoLC)1128460391 aFINmELBbspaerdacFINmELB 4aBF199bG643 2014 a10 a1502231 aGonzález Vidal, Nicolás.10aInconsciente, conflicto y autoengaño :bla psicología de Gregorio Magno en el "Comentario al libro de Job" /cNicolás González Vidal. 1aPamplona :bEUNSA,c2014. a1 recurso en línea (339 páginas) atextobtxt2rdacontent/spa acomputadorabc2rdamedia/spa arecurso en líneabcr2rdacarrier/spa1 aColección de pensamiento medieval y renacentista aIncluye referencias bibliográficas. aDescripción basada en el editor de metadatos y otras fuentes. aRecurso electrónico. Santa Fe, Arg.: elibro, 2019. Disponible vía World Wide Web. El acceso puede estar limitado para las bibliotecas afiliadas a elibro. 4aConducta (Ética) 0aHuman behavior. 4aLibros electronicos.2 aelibro, Corp. 0aColección de pensamiento medieval y renacentista.40uhttps://elibro.net/ereader/politecnicointernacional/93998zClick to View c63415d63415